Tardid-E-Ijra Nabuwat-O-Risalat (Record no. 5221)

MARC details
000 -LEADER
fixed length control field 00620nam a2200241 a 4500
020 ## - INTERNATIONAL STANDARD BOOK NUMBER
ISBN
082 00 - DEWEY DECIMAL CLASSIFICATION NUMBER
Classification number 297.81
Author Cutter MUS
100 ## - MAIN ENTRY--AUTHOR NAME
Author name Muslim, Abdul Samad
245 ## - TITLE STATEMENT
Title Tardid-E-Ijra Nabuwat-O-Risalat
260 ## - PUBLICATION, DISTRIBUTION, ETC. (IMPRINT)
Place of publication Badaun
Name of publisher Anjuman Mkuslim Haneef
Year of publication 0000
300 ## - PHYSICAL DESCRIPTION
Number of Pages 240p
500 ## - GENERAL NOTE
General note includes index and biblioraphy
505 2# - FORMATTED CONTENTS NOTE
Formatted contents note glossary, index
650 ## - SUBJECT ADDED ENTRY--TOPICAL TERM
Topical Term Islam-Sects-Conflicts-Sunni-Ahmadiy
942 ## - ADDED ENTRY ELEMENTS (KOHA)
Koha item type Books
700 1# -
-- Muslim, Abdul Samad
Holdings
Collection code Home library Current library Date acquired Cost, normal purchase price Full call number Accession Number Koha item type
  Henry Martyn Institute Library Henry Martyn Institute Library 02/27/2008 100.00 297.81 MUS 08604 Books
                   Copyright © 2026 | Henry Martyn Institute | Hyderabad | TS-500052 | INDIA | Implemented by hmi.edu.in
Hit-Count:

Powered by Koha